000 01551nam0a2200349 4500
001 RU\NLR\bibl\1717385
005 20250616070930.0
010 _a978-5-8353-1035-7
_9500
021 _aRU
_b2010-92784
_96244
035 _a(nilc)RSL-KNO-004834491
035 _a(NLR Aleph) 001708398
090 _a1264575
_c1264575
100 _a20101129d2010 |||y0rusy50 ca
101 0 _arus
102 _aRU
105 _ay |||||||||
200 1 _aПсихологические факторы личностного самоопределения
_fН.Ю. Будич
_gМ-во образования и науки РФ, Гос. образоват. учреждение высш. проф. образования "Кемер. гос. ун-т", Каф. общ. психологии и психологии развития
210 _aКемерово
_cКемеровский государственный университет
_d2010
215 _a99 с.
_cил., табл.
_d21
320 _aБиблиогр.: с. 91-97 (131 назв.)
606 1 _aЛичность
_xСамоопределение
_xПсихологические исследования
_92104227
_3RU\NLR\auth\661272269
686 _aЮ952.2,0
_2rubbk
686 _aЮ937-8
700 1 _aБудич
_bН. Ю.
_gНаталья Юрьевна
_4070
801 0 _aRU
_bRuMoRKP
_c20101129
_grcr
801 1 _aRU
_bRuMoRGB
_c20101129
801 2 _aRU
_bNLR
_c20101221
_grcr
830 _aавт. раскрыт по кн.
942 _cBOOK
980 _aNB
980 _aNBR